000
00254nam a22001097a 4500
082
_a
621.38132 MIC
100
_a
MATSUMOTO,AKIO
_9
74504
245
_a
MICROWAVE FILTERS AND CIRCUITS
260
_a
USA
_b
ACADEMIC PRESS
_c
1970
300
_a
349P
942
_c
BK
999
_c
580026
_d
580026